000
00322nam a2200145Ia 4500
008
230718s9999 xx 000 0 und d
041
_a
Eng.
082
_a
340
_b
IRV-T
100
_a
Irving, Ronald
245
4
_a
The Law is a Ass'
260
_a
Pakistan
_b
New Dehli
_c
2014
300
_a
228
650
_a
Law
999
_c
31368
_d
31368